[Event "WJCC U20 Girls 2019"]
[Site "New Delhi"]
[Date "2019.10.18"]
[Round "5.22"]
[White "Onur, Cigdem"]
[Black "Ulziikhishigjargal, Ochirkhuyag"]
[Result "1-0"]
[WhiteElo "1913"]
[BlackElo "2194"]
[Annotator "NA"]
[PlyCount "132"]
[EventDate "2019.10.15"]
[EventType "swiss"]
[EventCountry "IND"]
[SourceTitle "playchess.com"]
[Source "ChessBase"]
[SourceQuality "1"]
[TimeControl "40/5400+30:1800+30"]

1. e4 {[%emt 0:00:00]} e5 {[%emt 0:00:00]} 2. Nf3 {[%emt 0:00:00]} Nc6 {[%emt 0:00:00]} 3. Nc3 {[%emt 0:00:00]} Nf6 {[%emt 0:00:02]} 4. Bb5 {[%emt 0:00:00]} Bb4 {[%emt 0:00:24]} 5. O-O {[%emt 0:00:11]} O-O {[%emt 0:01:45]} 6. d3 {[%emt 0:00:10]} Bxc3 {[%emt 0:01:24]} 7. bxc3 {[%emt 0:00:40]} d6 {[%emt 0:00:06]} 8. Bg5 {[%emt 0:07:49]} Qe7 {[%emt 0:02:07]} 9. Re1 {[%emt 0:01:59]} Nd8 {[%emt 0:01:05]} 10. d4 {[%emt 0:01:09]} Ne6 {[%emt 0:02:37]} 11. Bc1 {[%emt 0:02:52]} c6 {[%emt 0:03:06]} 12. Bf1 {[%emt 0:03:40]} Rd8 {[%emt 0:07:01]} 13. g3 {[%emt 0:10:41]} Nf8 {[%emt 0:08:49]} 14. Nh4 {[%emt 0:16:28]} h6 {[%emt 0:01:26]} 15. Qe2 {[%emt 0:16:23]} Re8 {[%emt 0:08:50]} 16. Bg2 {[%emt 0:09:35]} Be6 {[%emt 0:04:39]} 17. a4 {[%emt 0:08:05]} b6 {[%emt 0:02:48]} 18. Ba3 {[%emt 0:00:47]} c5 {[%emt 0:00:16]} 19. Bb2 {[%emt 0:10:11]} Qc7 {[%emt 0:04:36]} 20. d5 {[%emt 0:02:34]} Bd7 {[%emt 0:01:08]} 21. c4 {[%emt 0:01:32]} g5 {[%emt 0:04:24]} 22. Nf5 {[%emt 0:03:07]} Bxf5 {[%emt 0:02:38]} 23. exf5 {[%emt 0:00:04]} Qd7 {[%emt 0:02:03]} 24. g4 {[%emt 0:00:40]} Reb8 {[%emt 0:01:34]} 25. Reb1 {[%emt 0:01:00]} a6 {[%emt 0:02:11]} 26. Bc1 {[%emt 0:00:23]} N8h7 {[%emt 0:01:38]} 27. Ra3 {[%emt 0:01:23]} Ra7 {[%emt 0:00:32]} 28. h3 {[%emt 0:01:31]} Rab7 {[%emt 0:01:13]} 29. Bf1 {[%emt 0:00:13]} Ne8 {[%emt 0:04:52]} 30. f3 {[%emt 0:00:23]} Nc7 {[%emt 0:00:11]} 31. Be3 {[%emt 0:01:17]} Kg7 {[%emt 0:05:21]} 32. Kf2 {[%emt 0:00:11]} Qe8 {[%emt 0:02:04]} 33. Qd2 {[%emt 0:00:35]} Qe7 {[%emt 0:03:02]} 34. Bd3 {[%emt 0:00:23]} Nf6 {[%emt 0:00:10]} 35. Bxg5 {[%emt 0:00:59]} hxg5 {[%emt 0:00:09]} 36. Qxg5+ {[%emt 0:00:04]} Kf8 {[%emt 0:00:13]} 37. Qh6+ {[%emt 0:00:32]} Ke8 {[%emt 0:00:37]} 38. g5 {[%emt 0:00:41]} Ng8 {[%emt 0:02:30]} 39. Qh8 {[%emt 0:00:42]} Qf8 {[%emt 0:01:04]} 40. f6 {[%emt 0:00:29]} Ne7 {[%emt 0:15:34]} 41. Qxf8+ {[%emt 0:06:03]} Kxf8 {[%emt 0:00:00]} 42. fxe7+ {[%emt 0:02:00]} Kxe7 {[%emt 0:00:02]} 43. Rab3 {[%emt 0:03:32]} a5 {[%emt 0:03:06]} 44. h4 {[%emt 0:04:12]} f6 {[%emt 0:03:25]} 45. Kg3 {[%emt 0:09:57]} Ne8 {[%emt 0:00:32]} 46. Kg4 {[%emt 0:03:47]} fxg5 {[%emt 0:02:22]} 47. hxg5 {[%emt 0:00:14]} Ng7 {[%emt 0:00:04]} 48. f4 {[%emt 0:01:05]} exf4 {[%emt 0:00:48]} 49. Re1+ {[%emt 0:00:06]} Kf7 {[%emt 0:00:28]} 50. Rf1 {[%emt 0:00:18]} Re7 {[%emt 0:02:04]} 51. Rxf4+ {[%emt 0:00:11]} Kg8 {[%emt 0:00:00]} 52. Bg6 {[%emt 0:00:56]} Re1 {[%emt 0:02:27]} 53. Bf7+ {[%emt 0:00:37]} Kf8 {[%emt 0:00:01]} 54. Be6+ {[%emt 0:02:21]} Ke8 {[%emt 0:00:04]} 55. Rbf3 {[%emt 0:00:59]} Rg1+ {[%emt 0:00:43]} 56. Kh4 {[%emt 0:00:11]} Nxe6 {[%emt 0:00:30]} 57. dxe6 {[%emt 0:00:18]} Ke7 {[%emt 0:00:03]} 58. Rf7+ {[%emt 0:01:55]} Kxe6 {[%emt 0:00:05]} 59. R7f6+ {[%emt 0:00:51]} Ke5 {[%emt 0:01:45]} 60. R6f5+ {[%emt 0:00:26]} Ke4 {[%emt 0:00:23]} 61. R5f4+ {[%emt 0:00:15]} Ke5 {[%emt 0:00:05]} 62. Rf5+ {[%emt 0:00:24]} Ke6 {[%emt 0:00:30]} 63. Rf6+ {[%emt 0:00:10]} Kd7 {[%emt 0:00:51]} 64. Rf7+ {[%emt 0:00:15]} Kc6 {[%emt 0:00:17]} 65. Rf8 {[%emt 0:00:54]} Rxf8 {[%emt 0:08:02]} 66. Rxf8 {[%emt 0:00:04]} Kd7 {[%emt 0:00:24]} 1-0

[Event "WJCC U20 Girls 2019"]
[Site "New Delhi"]
[Date "2019.10.18"]
[Round "5.23"]
[White "Aakanksha Hagawane"]
[Black "Srimathi R"]
[Result "1-0"]
[WhiteElo "2181"]
[BlackElo "1914"]
[Annotator "TA"]
[PlyCount "75"]
[EventDate "2019.10.15"]
[EventType "swiss"]
[EventCountry "IND"]
[SourceTitle "playchess.com"]
[Source "ChessBase"]
[SourceQuality "1"]

{[%evp 25,75,55,74,57,98,98,120,138,118,106,127,119,178,177,344,345,404,407,447,425,610,494,708,635,723,561,749,354,334,337,325,325,454,453,461,451,462,459,487,482,546,522,537,528,545,519,574,568,592,581,668,665]} 1. e4 c5 2. Nf3 Nc6 3. d4 cxd4 4. Nxd4 g6 5. c4 Bg7 6. Be3 Nf6 7. Nc3 Ng4 8. Qxg4 Nxd4 9. Qd1 Ne6 10. Rc1 d6 11. Qd2 Qa5 12. Be2 Bd7 13. O-O Bc6 14. f3 {B39: Sicilian: Maroczy Bind with 5...Bg7 and 7...Ng4} Bxc3 $146 ({Predecessor:} 14... g5 15. a3 b6 16. Rfd1 Be5 17. Rc2 Bf4 18. b4 Qe5 19. g3 Bxe3+ 20. Qxe3 f5 21. Nd5 f4 22. gxf4 gxf4 {0-1 (48) Zubarev,A (2490)-Rakhmanov,A (2488) Vladimir 2006}) 15. Rxc3 Qc7 16. b4 {White is better.} b6 17. Qc2 Rc8 18. f4 f6 (18... Rg8 $16) 19. c5 bxc5 $2 {[#]} (19... dxc5 {was necessary.} 20. bxc5 bxc5) 20. bxc5 $18 dxc5 21. f5 Nd8 {and the idea ...Qb7 leaves Black hopeful.} 22. Rxc5 Qb7 (22... O-O $142 23. Bb5 gxf5 24. exf5 Kg7 25. Bxc6 Nxc6) 23. Rb1 Qa8 (23... Qc7 $142 24. Ba6 O-O 25. Bxc8 Qxc8) 24. Rc1 a6 25. Bf3 Rb8 26. Rxc6 (26. fxg6 $142 O-O 27. Bh6 hxg6 28. e5) 26... Qxc6 27. Qxc6+ Nxc6 28. Rxc6 Ra8 29. fxg6 {White is clearly winning.} hxg6 30. e5 fxe5 31. Rxg6 Kf7 32. Rb6 Ra7 33. Bd5+ Kg7 34. Re6 Rd7 35. Rxe5 Rhd8 36. Bb3 Rh8 37. Rg5+ Kf8 38. Bf4 {Accuracy: White = 86%, Black = 24%.} 1-0

[Event "WJCC U20 Girls 2019"]
[Site "New Delhi"]
[Date "2019.10.18"]
[Round "5.24"]
[White "Pandey Srishti"]
[Black "Pychova, Nela"]
[Result "1-0"]
[WhiteElo "1963"]
[BlackElo "2178"]
[Annotator "NA"]
[PlyCount "133"]
[EventDate "2019.10.15"]
[EventType "swiss"]
[EventCountry "IND"]
[SourceTitle "playchess.com"]
[Source "ChessBase"]
[SourceQuality "1"]
[TimeControl "40/5400+30:1800+30"]

1. Nf3 {[%emt 0:12:46]} Nf6 {[%emt 0:27:40]} 2. g3 {[%emt 0:00:30]} b5 {[%emt 0:00:30]} 3. Na3 {[%emt 0:00:30]} a6 {[%emt 0:00:30]} 4. c4 {[%emt 0:00:30]} b4 {[%emt 0:00:30]} 5. Nc2 {[%emt 0:00:30]} c5 {[%emt 0:00:30]} 6. Bg2 {[%emt 0:00:30]} Bb7 {[%emt 0:00:30]} 7. O-O {[%emt 0:00:30]} e6 {[%emt 0:00:30]} 8. d3 {[%emt 0:00:30]} Be7 {[%emt 0:00:30]} 9. e4 {[%emt 0:00:30]} d6 {[%emt 0:00:30]} 10. Nfe1 {[%emt 0:00:30]} Qb6 11. f4 {[%emt 0:00:30]} Nc6 {[%emt 0:01:00]} 12. Be3 {[%emt 0:01:34]} O-O {[%emt 0:05:02]} 13. g4 {[%emt 0:01:37]} Nd7 {[%emt 0:22:30]} 14. g5 {[%emt 0:08:50]} Qd8 {[%emt 0:02:54]} 15. Qg4 {[%emt 0:02:37]} f5 {[%emt 0:08:00]} 16. exf5 {[%emt 0:00:04]} exf5 {[%emt 0:01:58]} 17. Bd5+ {[%emt 0:12:27]} Kh8 {[%emt 0:00:11]} 18. Qh3 {[%emt 0:00:03]} Nb6 {[%emt 0:08:31]} 19. Bf3 {[%emt 0:17:15]} Na5 {[%emt 0:03:04]} 20. Bd2 {[%emt 0:01:37]} g6 {[%emt 0:03:42]} 21. a3 {[%emt 0:05:45]} Bxf3 {[%emt 0:02:51]} 22. Nxf3 {[%emt 0:00:02]} Nb3 {[%emt 0:01:44]} 23. axb4 {[%emt 0:02:59]} Nxa1 {[%emt 0:02:37]} 24. Rxa1 {[%emt 0:00:01]} Kg8 {[%emt 0:00:40]} 25. bxc5 {[%emt 0:01:37]} dxc5 {[%emt 0:00:39]} 26. Ne5 {[%emt 0:00:17]} Bd6 {[%emt 0:03:59]} 27. Bc3 {[%emt 0:00:08]} Bxe5 {[%emt 0:00:53]} 28. Bxe5 {[%emt 0:00:02]} Qd7 {[%emt 0:00:49]} 29. Qe3 {[%emt 0:01:11]} Qc6 {[%emt 0:00:58]} 30. b4 {[%emt 0:03:56]} Nd7 {[%emt 0:00:40]} 31. bxc5 {[%emt 0:00:25]} Qxc5 {[%emt 0:00:31]} 32. Bd4 {[%emt 0:00:05]} Qc7 {[%emt 0:00:28]} 33. Qe6+ {[%emt 0:00:55]} Rf7 {[%emt 0:00:06]} 34. Be3 {[%emt 0:01:34]} Nf8 {[%emt 0:00:48]} 35. Qb6 {[%emt 0:01:31]} Qxb6 {[%emt 0:00:30]} 36. Bxb6 {[%emt 0:00:01]} Ne6 {[%emt 0:00:35]} 37. Be3 {[%emt 0:01:05]} Rc7 {[%emt 0:00:27]} 38. Nb4 {[%emt 0:00:45]} a5 {[%emt 0:00:31]} 39. Nd5 {[%emt 0:00:05]} Rb7 {[%emt 0:00:10]} 40. Ra3 {[%emt 0:05:59]} Kf7 {[%emt 0:00:41]} 41. c5 {[%emt 0:30:47]} Rb1+ {[%emt 0:07:23]} 42. Kf2 {[%emt 0:00:00]} Rb2+ {[%emt 0:00:41]} 43. Kg3 {[%emt 0:00:00]} Rc2 {[%emt 0:01:57]} 44. Nb6 {[%emt 0:00:00]} Rd8 {[%emt 0:05:23]} 45. Nc4 {[%emt 0:00:00]} Ke7 {[%emt 0:02:16]} 46. Nxa5 {[%emt 0:00:00]} Rc8 {[%emt 0:06:17]} 47. d4 {[%emt 0:00:00]} Nc7 {[%emt 0:02:34]} 48. Nc6+ {[%emt 0:00:00]} Kd7 {[%emt 0:02:53]} 49. Nb4 {[%emt 0:00:00]} Rb2 {[%emt 0:01:19]} 50. Nd3 {[%emt 0:00:00]} Rb1 {[%emt 0:01:54]} 51. Kf2 {[%emt 0:00:00]} Ke6 {[%emt 0:00:35]} 52. Nc1 {[%emt 0:00:00]} Rcb8 {[%emt 0:01:43]} 53. Ne2 {[%emt 0:00:00]} R8b2 {[%emt 0:00:57]} 54. Kf3 {[%emt 0:01:42]} Re1 {[%emt 0:01:21]} 55. Nc3 {[%emt 0:00:18]} Rxh2 {[%emt 0:00:27]} 56. d5+ {[%emt 0:00:18]} Kd7 {[%emt 0:00:14]} 57. Bd4 {[%emt 0:01:06]} Rh3+ {[%emt 0:00:53]} 58. Kf2 {[%emt 0:01:05]} Reh1 {[%emt 0:00:20]} 59. c6+ {[%emt 0:01:07]} Ke7 {[%emt 0:00:34]} 60. Ra7 {[%emt 0:08:44]} R1h2+ {[%emt 0:00:32]} 61. Kf1 {[%emt 0:00:03]} Rh1+ {[%emt 0:00:21]} 62. Ke2 {[%emt 0:00:39]} R1h2+ {[%emt 0:00:08]} 63. Ke1 {[%emt 0:00:55]} Rh1+ {[%emt 0:00:53]} 64. Kd2 {[%emt 0:00:43]} Rc1 65. Kxc1 {[%emt 0:01:29]} Kd6 {[%emt 0:00:50]} 66. Be5+ {[%emt 0:01:15]} Kc5 {[%emt 0:00:17]} 67. Kd2 {[%emt 0:03:16]} 1-0

[Event "WJCC U20 Girls 2019"]
[Site "New Delhi"]
[Date "2019.10.18"]
[Round "5.25"]
[White "Cervantes Landeiro, Thalia"]
[Black "Mungunzul, Bat-Erdene"]
[Result "1/2-1/2"]
[WhiteElo "2176"]
[BlackElo "1912"]
[Annotator "NA"]
[PlyCount "172"]
[EventDate "2019.10.15"]
[EventType "swiss"]
[EventCountry "IND"]
[SourceTitle "playchess.com"]
[Source "ChessBase"]
[SourceQuality "1"]
[TimeControl "40/5400+30:1800+30"]

1. d4 {[%emt 0:00:00]} d5 {[%emt 0:00:00]} 2. c4 {[%emt 0:00:00]} c6 {[%emt 0:00:00]} 3. Nf3 {[%emt 0:00:00]} Nf6 {[%emt 0:00:00]} 4. e3 {[%emt 0:00:00]} e6 {[%emt 0:00:25]} 5. b3 {[%emt 0:00:03]} Nbd7 {[%emt 0:01:34]} 6. Bb2 {[%emt 0:00:50]} Bd6 {[%emt 0:04:15]} 7. Bd3 {[%emt 0:02:37]} Qe7 {[%emt 0:03:34]} 8. Ne5 {[%emt 0:04:44]} O-O {[%emt 0:12:02]} 9. O-O {[%emt 0:04:57]} Rd8 {[%emt 0:00:57]} 10. Nd2 {[%emt 0:05:26]} Nf8 {[%emt 0:05:48]} 11. f4 {[%emt 0:08:10]} Ne8 {[%emt 0:12:10]} 12. Qf3 {[%emt 0:11:32]} f6 {[%emt 0:01:46]} 13. Ng4 {[%emt 0:00:20]} b6 {[%emt 0:04:26]} 14. Qh3 {[%emt 0:13:14]} Bb7 {[%emt 0:05:30]} 15. cxd5 {[%emt 0:04:10]} cxd5 {[%emt 0:03:52]} 16. f5 {[%emt 0:04:42]} exf5 {[%emt 0:07:18]} 17. Bxf5 {[%emt 0:04:49]} Bb4 {[%emt 0:04:49]} 18. Nf3 {[%emt 0:04:13]} Nd6 {[%emt 0:05:52]} 19. Nh4 {[%emt 0:05:52]} Bc8 {[%emt 0:01:33]} 20. a3 {[%emt 0:06:09]} Nxf5 {[%emt 0:02:15]} 21. Nxf5 {[%emt 0:00:48]} Bxf5 {[%emt 0:00:09]} 22. Rxf5 {[%emt 0:00:09]} Bd6 {[%emt 0:01:30]} 23. Qf3 {[%emt 0:03:56]} Qe6 {[%emt 0:02:15]} 24. Rf1 {[%emt 0:02:48]} Be7 {[%emt 0:03:20]} 25. Qg3 {[%emt 0:01:10]} Kh8 {[%emt 0:00:40]} 26. Rh5 {[%emt 0:01:35]} Rac8 {[%emt 0:01:24]} 27. e4 {[%emt 0:04:14]} Qxe4 {[%emt 0:08:42]} 28. Re1 {[%emt 0:01:35]} Qg6 {[%emt 0:00:22]} 29. Rh3 {[%emt 0:01:24]} Bd6 {[%emt 0:00:24]} 30. Qf3 {[%emt 0:01:00]} Re8 {[%emt 0:00:19]} 31. Ne3 {[%emt 0:01:14]} Re4 {[%emt 0:02:11]} 32. Rf1 {[%emt 0:01:10]} Qg5 {[%emt 0:00:59]} 33. Nf5 {[%emt 0:02:04]} Bb8 {[%emt 0:00:41]} 34. Ng3 {[%emt 0:01:13]} Re3 {[%emt 0:00:57]} 35. Qf5 {[%emt 0:00:43]} Qxf5 {[%emt 0:00:40]} 36. Nxf5 {[%emt 0:00:02]} Rxh3 {[%emt 0:00:10]} 37. gxh3 {[%emt 0:00:02]} Rc2 {[%emt 0:00:45]} 38. Rf2 {[%emt 0:00:20]} Rxf2 {[%emt 0:00:20]} 39. Kxf2 {[%emt 0:00:02]} Ng6 {[%emt 0:00:11]} 40. Ne3 {[%emt 0:02:06]} Ne7 {[%emt 0:00:20]} 41. Kg2 {[%emt 0:30:33]} Kg8 {[%emt 0:30:43]} 42. h4 {[%emt 0:00:00]} h5 {[%emt 0:00:00]} 43. h3 {[%emt 0:00:00]} Bf4 {[%emt 0:00:00]} 44. Nc2 {[%emt 0:00:00]} Kf7 {[%emt 0:00:00]} 45. Kf3 {[%emt 0:00:00]} Bh2 {[%emt 0:00:00]} 46. Ne3 {[%emt 0:00:00]} Ke6 {[%emt 0:00:00]} 47. Ng2 {[%emt 0:00:00]} Nf5 {[%emt 0:00:00]} 48. Bc3 {[%emt 0:00:00]} Bg3 {[%emt 0:00:00]} 49. a4 {[%emt 0:00:00]} a6 {[%emt 0:00:00]} 50. Bb2 {[%emt 0:00:00]} Kf7 {[%emt 0:00:00]} 51. Bc3 {[%emt 0:00:00]} g6 {[%emt 0:00:00]} 52. Bb2 {[%emt 0:00:00]} b5 {[%emt 0:00:00]} 53. Bc3 {[%emt 0:00:04]} Bh2 {[%emt 0:00:00]} 54. Kf2 {[%emt 0:01:22]} Bc7 {[%emt 0:00:00]} 55. Ke2 {[%emt 0:01:27]} g5 {[%emt 0:00:00]} 56. hxg5 {[%emt 0:00:48]} fxg5 {[%emt 0:00:00]} 57. axb5 {[%emt 0:01:31]} axb5 {[%emt 0:00:00]} 58. Ne1 {[%emt 0:01:16]} g4 {[%emt 0:00:00]} 59. hxg4 {[%emt 0:00:07]} hxg4 {[%emt 0:00:00]} 60. Ng2 {[%emt 0:02:08]} Kg6 {[%emt 0:00:00]} 61. Kd3 {[%emt 0:00:43]} Kh5 {[%emt 0:00:00]} 62. Ke2 {[%emt 0:00:40]} g3 {[%emt 0:01:35]} 63. Kf3 {[%emt 0:00:48]} Nh4+ {[%emt 0:00:08]} 64. Nxh4 {[%emt 0:00:14]} Kxh4 {[%emt 0:00:07]} 65. Kg2 {[%emt 0:00:26]} Kg4 {[%emt 0:00:22]} 66. Be1 {[%emt 0:00:24]} Bd6 {[%emt 0:00:27]} 67. Bd2 {[%emt 0:00:15]} Bc7 {[%emt 0:00:45]} 68. Be1 {[%emt 0:00:19]} Bf4 {[%emt 0:00:05]} 69. Ba5 {[%emt 0:00:59]} Be3 {[%emt 0:00:20]} 70. Bc7 {[%emt 0:00:22]} Bxd4 {[%emt 0:00:27]} 71. Bxg3 {[%emt 0:00:07]} Be3 {[%emt 0:00:08]} 72. Bd6 {[%emt 0:00:47]} d4 {[%emt 0:00:45]} 73. Kf1 {[%emt 0:00:14]} Kf3 {[%emt 0:00:32]} 74. Ke1 {[%emt 0:00:20]} Bf4 {[%emt 0:00:52]} 75. Bc5 {[%emt 0:00:36]} Ke3 {[%emt 0:00:21]} 76. Kd1 {[%emt 0:00:11]} Kd3 {[%emt 0:00:07]} 77. Bb4 {[%emt 0:00:03]} Be5 {[%emt 0:01:27]} 78. Bd2 {[%emt 0:00:31]} Bd6 {[%emt 0:00:14]} 79. Be1 {[%emt 0:00:19]} Ba3 {[%emt 0:00:12]} 80. Bd2 {[%emt 0:00:29]} Bb2 {[%emt 0:00:26]} 81. Bb4 {[%emt 0:01:25]} Bc3 {[%emt 0:00:16]} 82. Ba3 {[%emt 0:00:08]} Ba5 {[%emt 0:00:20]} 83. Bc1 {[%emt 0:00:44]} Bc3 {[%emt 0:00:28]} 84. Ba3 {[%emt 0:00:18]} Bd2 {[%emt 0:00:59]} 85. Bc5 {[%emt 0:00:59]} Bc3 {[%emt 0:00:23]} 86. Ba3 {[%emt 0:00:54]} Ba1 {[%emt 0:00:30]} 1/2-1/2

[Event "WJCC U20 Girls 2019"]
[Site "New Delhi"]
[Date "2019.10.18"]
[Round "5.26"]
[White "Jayaweera, Sayuni Gihansa"]
[Black "Sapale Saloni"]
[Result "0-1"]
[WhiteElo "1788"]
[BlackElo "2142"]
[Annotator "TA"]
[PlyCount "78"]
[EventDate "2019.10.15"]
[EventType "swiss"]
[EventCountry "IND"]
[SourceTitle "playchess.com"]
[Source "ChessBase"]
[SourceQuality "1"]

{[%evp 14,78,35,20,25,39,32,28,74,80,145,142,172,174,182,190,172,132,260,265,350,68,72,70,114,84,104,88,103,16,16,0,0,0,0,0,0,-86,-79,-95,-88,-89,-95,-91,-91,-91,-101,-99,-79,-200,-183,-236,-71,-241,-234,-799,-799,-772,-740,-780,-585,-765,-701,-29988,-29989,-29994,-29995]} 1. d4 Nf6 2. c4 g6 3. Nc3 d5 4. Nf3 Bg7 5. Qb3 dxc4 6. Qxc4 O-O 7. e4 Nc6 8. Be2 Nd7 {D97: Grünfeld: Russian System: 7 e4, replies other than 7...Bg4} (8... e5 9. d5 Nd4 10. Nxd4 exd4 11. Qxd4 c6 12. Qc4 b5 13. Qxc6 Bd7 14. Qd6 Re8 15. e5 Ng4 16. e6 fxe6 {½-½ (36) Yu,Y (2763)-Vachier Lagrave,M (2774) Khanty-Mansiysk 2019}) 9. Be3 Nb6 10. Qc5 a5 {White has an edge.} 11. O-O Nb4 $146 ({Better is} 11... Bg4) ({Predecessor:} 11... f5 12. Rad1 fxe4 13. Ng5 Kh8 14. Ngxe4 Rf5 15. d5 Nb4 16. Ng3 Rf7 17. Bd4 Qd6 18. Bxg7+ Kxg7 19. Qd4+ Qf6 20. Qd2 Qf4 21. a3 {½-½ (21) Schmid,E (2024)-Brendel,O (2329) Wiesbaden 2017}) 12. Rac1 $16 c6 13. a3 Nd7 14. Qg5 Na6 15. d5 cxd5 (15... e6 $16) 16. Nxd5 $18 e6 {[#] Hoping for ...Qxg5.} 17. Qxd8 $2 (17. Ne7+ $18 Kh8 18. Qh4 (18. Nxc8 Qxg5 19. Nxg5 Rfxc8 $18)) 17... Rxd8 $14 18. Nc3 Ndc5 19. Bxa6 Nxa6 20. Bb6 (20. Rfd1 {is interesting.} Re8 21. Bb6 e5 22. Bxa5 Nc5 23. Bb4) 20... Re8 21. Bxa5 (21. Rfd1 $16) 21... Nc5 $11 22. Bb6 Nd3 23. Rc2 Nxb2 24. Nb5 {Threatens to win with Bd4.} Bd7 25. Nc7 (25. Nd6 $11 {keeps the balance.}) 25... Rec8 $17 26. Bd4 Bxd4 27. Nxd4 Ra4 ({But not} 27... Rxa3 28. Ncxe6 Rxc2 29. Nxc2 $11) 28. Rxb2 {Ncb5 is the strong threat.} Rxc7 29. Nb5 Bxb5 30. Rxb5 Rxa3 {[%mdl 4096] Endgame KRR-KRR} 31. f3 (31. Rb2 $17) 31... Ra2 32. Rf2 (32. Kh1 $142) 32... Rc1+ $19 33. Rf1 Rcc2 34. Rfb1 $2 (34. Rg5) 34... Rxg2+ {[%mdl 64] [#] Double Attack} 35. Kf1 Rxh2 {[%cal Rh2h1]} 36. Kg1 Rag2+ 37. Kf1 h5 {( -> ...h4)} 38. Rxb7 h4 39. Rd1 h3 0-1

[Event "WJCC U20 Girls 2019"]
[Site "New Delhi"]
[Date "2019.10.18"]
[Round "5.27"]
[White "Nilssen, Ellen Fredericia"]
[Black "Fretel, Liza"]
[Result "1/2-1/2"]
[WhiteElo "2137"]
[BlackElo "1877"]
[Annotator "RC"]
[PlyCount "65"]
[EventDate "2019.10.15"]
[EventType "swiss"]
[EventCountry "IND"]
[SourceTitle "playchess.com"]
[Source "ChessBase"]
[SourceQuality "1"]
[TimeControl "40/5400+30:1800+30"]

1. c4 {[%emt 0:00:00]} e5 {[%emt 0:00:00]} 2. Nc3 {[%emt 0:00:00]} Nc6 {[%emt 0:00:06]} 3. g3 {[%emt 0:00:00]} Bb4 {[%emt 0:00:56]} 4. Bg2 {[%emt 0:00:04]} Nf6 {[%emt 0:01:10]} 5. e4 {[%emt 0:10:08]} O-O {[%emt 0:03:10]} 6. Nge2 {[%emt 0:00:13]} Re8 {[%emt 0:01:21]} 7. a3 {[%emt 0:03:52]} Bf8 {[%emt 0:00:53]} 8. O-O {[%emt 0:00:15]} Nd4 {[%emt 0:01:49]} 9. d3 {[%emt 0:01:02]} Nxe2+ {[%emt 0:04:53]} 10. Qxe2 {[%emt 0:05:26]} c6 11. b4 a5 {[%emt 0:15:05]} 12. Rb1 {[%emt 0:09:14]} axb4 {[%emt 0:01:19]} 13. axb4 {[%emt 0:00:12]} d6 {[%emt 0:07:09]} 14. Qb2 {[%emt 0:12:10]} g6 {[%emt 0:02:20]} 15. Bd2 {[%emt 0:03:53]} Be6 {[%emt 0:01:44]} 16. Ra1 {[%emt 0:06:15]} Qd7 {[%emt 0:01:25]} 17. b5 {[%emt 0:02:18]} Bh3 {[%emt 0:05:48]} 18. Rxa8 {[%emt 0:13:05]} Rxa8 {[%emt 0:00:03]} 19. Ra1 {[%emt 0:00:50]} Rxa1+ {[%emt 0:01:01]} 20. Qxa1 {[%emt 0:00:12]} cxb5 {[%emt 0:05:14]} 21. Nxb5 {[%emt 0:01:00]} Kg7 {[%emt 0:12:25]} 22. Bb4 {[%emt 0:05:40]} Bg4 {[%emt 0:02:55]} 23. Qa3 {[%emt 0:03:34]} Ne8 {[%emt 0:01:10]} 24. Qa7 {[%emt 0:06:16]} Qc8 {[%emt 0:05:46]} 25. Qb6 {[%emt 0:05:48]} Qc6 {[%emt 0:01:35]} 26. Qd8 {[%emt 0:01:35]} Qd7 {[%emt 0:03:20]} 27. Qb6 {[%emt 0:01:48]} Qc6 {[%emt 0:00:09]} 28. Qe3 {[%emt 0:00:22]} Nc7 {[%emt 0:06:38]} 29. Nxc7 {[%emt 0:01:39]} Qxc7 {[%emt 0:00:05]} 30. h3 {[%emt 0:00:51]} Bd7 {[%emt 0:00:08]} 31. f4 {[%emt 0:00:27]} f6 {[%emt 0:02:16]} 32. Kh2 {[%emt 0:00:45]} b5 {[%emt 0:04:11]} 33. cxb5 {[%emt 0:01:57]} 1/2-1/2

[Event "WJCC U20 Girls 2019"]
[Site "New Delhi"]
[Date "2019.10.18"]
[Round "5.28"]
[White "Lakshmi C"]
[Black "Blazeka, Mihaela"]
[Result "1-0"]
[WhiteElo "1859"]
[BlackElo "2109"]
[Annotator "TA"]
[PlyCount "99"]
[EventDate "2019.10.15"]
[EventType "swiss"]
[EventCountry "IND"]
[SourceTitle "playchess.com"]
[Source "ChessBase"]
[SourceQuality "1"]

{[%evp 24,99,33,27,27,22,67,41,72,15,60,28,29,11,22,3,12,12,13,-2,63,45,140,152,135,56,228,137,198,121,294,181,185,189,314,304,313,317,387,377,361,368,431,419,524,535,510,474,479,466,594,586,679,629,600,606,598,598,585,567,936,920,997,838,817,825,796,792,784,775,778,772,862,762,730,677,809,687]} 1. e4 e5 2. Nf3 Nc6 3. Bb5 a6 4. Ba4 Nf6 5. O-O Be7 6. Re1 b5 7. Bb3 d6 8. c3 O-O 9. h3 Nb8 10. d4 Nbd7 11. Nbd2 {[%cal Bb1d2,Bd2f1,Bf1g3][%mdl 32]} Bb7 12. Bc2 c5 13. d5 c4 {C95: Closed Ruy Lopez: Breyer Variation with 10 d4} 14. Nf1 (14. b4 cxb3 15. axb3 Qc7 16. Bb2 Rfb8 17. Bd3 Nc5 18. Bf1 a5 19. Rc1 b4 20. cxb4 axb4 21. Nc4 {1-0 (55) Zhigalko,S (2604)-Postny,E (2615) St Petersburg 2018}) 14... Nc5 15. Ng3 g6 {White is slightly better.} 16. Nh2 ({White should play} 16. b4 $16 cxb3 17. axb3) 16... Re8 17. f4 $146 ({Predecessor:} 17. Be3 Qc7 18. Qf3 Bc8 19. Rad1 Bd7 20. Ne2 a5 21. g4 {0-1 (60) Arias Rodriguez,S-Acebal Muniz,A Asturias 1987}) 17... exf4 18. Bxf4 Bf8 19. Kh1 Bg7 20. Qd2 Qe7 21. Bg5 h5 (21... Qf8 $11) 22. Nf3 $14 Ncd7 ({Better is} 22... Qf8 $14) 23. Rf1 $16 Qf8 {[#]} 24. Nd4 ({White should try} 24. Rf2 $1 $16) 24... Kh7 $2 (24... Re5 $14) 25. a4 Re5 (25... Kg8 $16 26. axb5 axb5) 26. h4 ({Stronger than} 26. axb5 Rxg5 27. Qxg5 Bh6 $11) (26. Nc6 $18) 26... Qb8 $2 (26... Kg8 $16 27. axb5 axb5) 27. axb5 axb5 28. Rxa8 ({And not} 28. Nxb5 Rxa1 29. Rxa1 Ng4 $11) 28... Bxa8 (28... Qxa8 {was called for.} 29. Nxb5 Qa6) 29. Nc6 $18 Bxc6 30. dxc6 Qf8 31. cxd7 Nxd7 32. Rd1 Re6 33. Nf5 f6 34. Nxg7 {White is clearly winning.} Qxg7 35. Bf4 Ne5 36. Qd5 Qe7 37. Ra1 Ng4 38. Qd4 {[#] And now Ra7! would win.} Qd8 39. Ra7+ Re7 40. Rxe7+ Qxe7 41. Bxd6 Qb7 42. Bd1 Qxe4 43. Qxe4 Nf2+ 44. Kg1 Nxe4 45. Be7 Kg7 46. Bf3 Ng3 47. Bc5 Nf5 48. Bf2 Kf7 49. Bc6 Nd6 50. Bg3 {Accuracy: White = 59%, Black = 30%.} 1-0